Тайны небесные (Запись № 1028393)

Подробности
000 -МАРКЕР
контрольное поле 01115nam0a2200337 4500
001 - ИДЕНТИФИКАТОР ЗАПИСИ
контрольное поле RU\NLR\bibl\484057
005 - ИДЕНТИФИКАТОР ВЕРСИИ
контрольное поле 20260409080517.0
010 ## - МЕЖДУНАРОДНЫЙ СТАНДАРТНЫЙ НОМЕР КНИГИ (ISBN)
Номер (ISBN) 5-17-020819-7
Уточнения АСТ
010 ## - МЕЖДУНАРОДНЫЙ СТАНДАРТНЫЙ НОМЕР КНИГИ (ISBN)
Номер (ISBN) 5-9577-0651-5
Уточнения Ермак
Тираж 5000
021 ## - НОМЕР ГОСУДАРСТВЕННОЙ РЕГИСТРАЦИИ
Код страны российская федерация
Номер 2003-68052
Номер Листа государственной регистраци 3356
035 ## - ДРУГИЕ СИСТЕМНЫЕ НОМЕРА
Идентификатор записи (NLR Aleph) 000476796
100 ## - ДАННЫЕ ОБЩЕЙ ОБРАБОТКИ
Данные общей обработки 20040128d2003 |||y0rusy50 ca
101 1# - ЯЗЫК РЕСУРСА
Язык текста, звукозаписи и т.д. русский
Язык оригинала русский
102 ## - СТРАНА ПУБЛИКАЦИИ ИЛИ ПРОИЗВОДСТВА
Страна публикации российская федерация
105 ## - ПОЛЕ КОДИРОВАННЫХ ДАННЫХ: ТЕКСТОВЫЕ МАТЕРИАЛЫ, МОНОГРАФИЧЕСКИЕ
Кодированные данные о монографическом текстовом документе y |||||||||
200 1# - ЗАГЛАВИЕ И СВЕДЕНИЯ ОБ ОТВЕТСТВЕННОСТИ
Основное заглавие Тайны небесные
Первые сведения об ответственности Эмануэль Сведенборг
Последующие сведения об ответственности [Перевод Е.Ю. Возовик]
210 ## - ПУБЛИКАЦИЯ, РАСПРОСТРАНЕНИЕ И ДР.
Место издания, распространения и т.д. М.
Имя издателя, распространителя и т. д. АСТ
-- Ермак
Дата издания, распространения и т.д. 2003
215 ## - ФИЗИЧЕСКАЯ ХАРАКТЕРИСТИКА
Специфическое обозначение материала и объем 555,[3] с.
Размеры 21
225 1# - СЕРИЯ
Основное заглавие серии Philosophy
500 ## - УНИФИЦИРОВАННОЕ ЗАГЛАВИЕ
Унифицированное заглавие Библия
Наименование раздела или части В.З.
Идентификатор авторитетной / нормативной записи RU\NLR\auth\553048
Системный номер авторитетной/нормативной записи 2631015
605 ## - ЗАГЛАВИЕ КАК ПРЕДМЕТ
Начальный элемент ввода Библия
Тематический подзаголовок Толкование
Системный номер авторитетной/нормативной записи 2076441
Идентификатор авторитетной/нормативной записи RU\NLR\auth\661251586
686 ## - ИНДЕКСЫ ДРУГИХ КЛАССИФИКАЦИЙ
Индекс Э37-200.22
700 #1 - ИМЯ ЛИЦА - ПЕРВИЧНАЯ ОТВЕТСТВЕННОСТЬ
Начальный элемент ввода Сведенборг
Часть имени, кроме начального элемента ввода Э.
Даты 1688-1772
Расширение инициалов личного имени Эмануэль
Код отношения Автор
801 #0 - ИСТОЧНИК ЗАПИСИ
Страна российская федерация
Организация NLR
Дата составления 20040128
Правила каталогизации PSBO
801 #1 - ИСТОЧНИК ЗАПИСИ
Страна российская федерация
Организация NLR
Дата составления 20040128
830 ## - ОБЩЕЕ ПРИМЕЧАНИЕ, СОСТАВЛЕННОЕ КАТАЛОГИЗАТОРОМ
Текст примечания Авт. по кн.
942 ## - ДОПОЛНИТЕЛЬНЫЕ ЭЛЕМЕНТЫ ЗАПИСИ (АБИС)
Тип экземпляра АБИС Книга
980 ## - КОЛЛЕКЦИЯ
Название коллекции Национальная библиография
Экземпляры
Тип экземпляра Дата поступления Источник поступления Библиотека постоянного хранения Библиотека текущего хранения Место хранения Шифр хранения Штрих-код Статус не для выдачи Стоимость
Книга 28.01.2004 Обязательный экземпляр РНБ (Московский) РНБ (Московский) Русский книжный фонд: издания с 1957 года, 3этаж 2004-3/1694 625581    
Книга 28.01.2004 Обязательный экземпляр РНБ (Московский) РНБ (Московский) Русский книжный фонд: издания с 1957 года, 3этаж 2004-3/1694 625582    
Книга 27.07.2005 Покупка РНБ (Московский) РНБ (Московский) Обменный фонд, без заказа   963200   128.00
Книга 13.10.2006 Покупка РНБ (Московский) РНБ (Московский) Фонд общего зала социально-экономической литературы С1 Э37-2/С-240 1-301425   204.00